Spoken English: a foundation course for speakers of Tamil. Part 1 (Record no. 209215)

MARC details
000 -LEADER
fixed length control field 00479nam a2200169Ia 4500
008 - FIXED-LENGTH DATA ELEMENTS--GENERAL INFORMATION
fixed length control field 231221s9999 xx 000 0 und d
020 ## - INTERNATIONAL STANDARD BOOK NUMBER
International Standard Book Number 9790000000000
041 ## - LANGUAGE CODE
Language code of text/sound track or separate title English
082 ## - DEWEY DECIMAL CLASSIFICATION NUMBER
Classification number 372.622 SAD;1 R
100 ## - MAIN ENTRY--PERSONAL NAME
Personal name Sadanand, Kamlesh. Punitha, Susheela
245 #0 - TITLE STATEMENT
Title Spoken English: a foundation course for speakers of Tamil. Part 1
260 ## - PUBLICATION, DISTRIBUTION, ETC.
Date of publication, distribution, etc. 2008
Name of publisher, distributor, etc. Orient Longman Pvt. Ltd.
Place of publication, distribution, etc. Hyderabad
300 ## - PHYSICAL DESCRIPTION
Extent vi+203
300 ## - PHYSICAL DESCRIPTION
Dimensions CD3820
500 ## - GENERAL NOTE
General note E.-509
942 ## - ADDED ENTRY ELEMENTS (KOHA)
Koha item type Hotel Management Library
Holdings
Date last seen Total checkouts Full call number Accession number Cost, total (INR) price Price effective from Category Lost status Damaged status Department Withdrawn status Home library Current library Shelving location Entry date Vendor Cost, normal purchase price Grants Billnumber Billdate Currency symbol Conversion rate Discount Old discount
26/01/2024   372.622 SAD;1 R HM1409 127.50 26/01/2024 Hotel Management Library     HEM   Central Library Central Library HM   BB Books 150.00 HM 116 14/04/2012 RS 1 22.5 15
26/01/2024     CD3820   26/01/2024 Compact Disks     HEM   Central Library Central Library BHM   BB Books   HM 116 14/04/2012 RS 1    

© For any Suggestions or Query, please contact the library staff @ librarian@pes.edu or Phone: +9180 2672 1983/ 2108.